000 00318cam a22001097a 4500
008 180718b xxu||||| |||| 00| 0 eng d
082 _aT465106x73 R591a/1968
245 _aPresident's five- year review and annual report 1968
260 _aNew York
_bThe Bookseller Foundation
_c
300 _a201p.
650 _aAnnual review
999 _c500971
_d500971